White root rot (Leptoporus lignosus) of rubber on lower ivory Coast (Record no. 72402)

MARC details
000 -LEADER
fixed length control field 00486nam a2200169Ia 4500
100 ## - MAIN ENTRY--AUTHOR NAME
Personal name Martin R
245 #0 - TITLE STATEMENT
Title White root rot (Leptoporus lignosus) of rubber on lower ivory Coast
260 ## - PUBLICATION, DISTRIBUTION, ETC. (IMPRINT)
Name of publisher Journal of the Rubber Research Institute of Malaya
Year of publication 1969
300 ## - PHYSICAL DESCRIPTION
Number of Pages 96-106
650 ## - SUBJECT ADDED ENTRY--TOPICAL TERM
Topical Term Leptoporus lignosus
650 ## - SUBJECT ADDED ENTRY--TOPICAL TERM
Topical Term Lower Ivory Coast
650 ## - SUBJECT ADDED ENTRY--TOPICAL TERM
Topical Term Rubber
650 ## - SUBJECT ADDED ENTRY--TOPICAL TERM
Topical Term White root rot
700 ## - ADDED ENTRY--PERSONAL NAME
Personal name Duplessix C J
942 ## - ADDED ENTRY ELEMENTS (KOHA)
Koha item type Journals
Holdings
Withdrawn status Lost status Damaged status Not for loan Home library Current library Shelving location Date acquired Serial Enumeration / chronology Koha item type
      Journals RRII Library RRII Library Pathology 17/12/2021 Volume 21, Issue 1 Journals